Planets in 15 Seconds - Statistics

General Stats
  • This quiz has been taken 175 times
  • The average score is 7 of 8
Answer Stats
Hint Answer % Correct
3 Earth
99%
4 Mars
94%
1 Mercury
88%
2 Venus
88%
5 Jupiter
86%
6 Saturn
79%
7 Uranus
71%
8 Neptune
65%
No matching quizzes found
Score Distribution
Percent of People with Each Score
Percentile by Number Answered
Your Score History
You have not taken this quiz